书目信息 |
| 题名: |
蕈菌多糖的制取及其综合利用
|
|
| 作者: | 许春平 , 白家峰 , 马扩彦 , 贾学伟 著 | |
| 分册: | ||
| 出版信息: | 北京 中国轻工业出版社 2019.9 |
|
| 页数: | 205页 | |
| 开本: | 24cm | |
| 丛书名: | ||
| 单 册: | ||
| 中图分类: | Q539 | |
| 科图分类: | ||
| 主题词: | 大型真菌--多糖--生产工艺 , 大型真菌--多糖--综合利用 | |
| 电子资源: | ||
| ISBN: | 978-7-5184-2317-0 | |
| 000 | 01516nam0 2200301 45 | |
| 001 | 012001000679 | |
| 005 | 20130911165834.0 | |
| 010 | @a978-7-5184-2317-0@dCNY68.00 | |
| 100 | @a20191112d2019 em y0chiy50 ea | |
| 101 | 0 | @achi |
| 102 | @aCN@b110000 | |
| 105 | @aak z 000yy | |
| 106 | @ar | |
| 200 | 1 | @a蕈菌多糖的制取及其综合利用@Axun jun duo tang de zhi qu ji qi zong he li yong@b专著@dPreparation and comprehensive utilization of fungal polysaccharides@f许春平[等]著@zeng |
| 210 | @a北京@c中国轻工业出版社@d2019.9 | |
| 215 | @a205页@c图@d24cm | |
| 300 | @a并列题名:Preparation and comprehensive utilization of fungal polysaccharides | |
| 330 | @a本书介绍了不同发酵及处理方式制取各种多糖的方法,从而总结出最优的制取条件。同时,介绍了各种蕈菌多糖的的应用,详见目录。第一章 发酵方式对蕈菌胞外多糖的结构和生物活性的影响,第二章 表面活性剂和有机溶剂处理对真菌胞外多糖结构和生物活性的影响分析,第三章 碳源对杨树桑黄和马勃状硬皮马勃胞外多糖分子结构及生物活性的影响,第四章 杨树桑黄子实体多糖的提取,结构及生物活性分析,第五章 蕈菌多糖的衍生化及生物活性,第六章 蕈菌多糖基纳米材料的制备及生物活性。 | |
| 510 | 1 | @aPreparation and comprehensive utilization of fungal polysaccharides@zeng |
| 606 | 0 | @a大型真菌@x多糖@x生产工艺 |
| 606 | 0 | @a大型真菌@x多糖@x综合利用 |
| 690 | @aQ539@v5 | |
| 701 | 0 | @a许春平@Axu chun ping@4著 |
| 701 | 0 | @a白家峰@Abai jia feng@4著 |
| 701 | 0 | @a马扩彦@Ama kuo yan@4著 |
| 701 | 0 | @a贾学伟@Agu xue wei@4著 |
| 801 | 0 | @aCN@bBJSDL@c20211011 |
| 905 | @b1335678-81@dQ539@e325@f4 | |
| 蕈菌多糖的制取及其综合利用=Preparation and comprehensive utilization of fungal polysaccharides/许春平[等]著.-北京:中国轻工业出版社,2019.9 |
| 205页:图;24cm |
| 并列题名:Preparation and comprehensive utilization of fungal polysaccharides |
| ISBN 978-7-5184-2317-0:CNY68.00 |
| 本书介绍了不同发酵及处理方式制取各种多糖的方法,从而总结出最优的制取条件。同时,介绍了各种蕈菌多糖的的应用,详见目录。第一章 发酵方式对蕈菌胞外多糖的结构和生物活性的影响,第二章 表面活性剂和有机溶剂处理对真菌胞外多糖结构和生物活性的影响分析,第三章 碳源对杨树桑黄和马勃状硬皮马勃胞外多糖分子结构及生物活性的影响,第四章 杨树桑黄子实体多糖的提取,结构及生物活性分析,第五章 蕈菌多糖的衍生化及生物活性,第六章 蕈菌多糖基纳米材料的制备及生物活性。 |
| ● |
| 相关链接 |
|
|
|
|
正题名:蕈菌多糖的制取及其综合利用
索取号:Q539/325
 
预约/预借
| 序号 | 登录号 | 条形码 | 馆藏地/架位号 | 状态 | 备注 |
| 1 | 1335678 | 213356786 | 第二样本阅览室/ [索取号:Q539/325] | 在馆 | |
| 2 | 1335679 | 213356795 | 第三借阅区/ [索取号:Q539/325] | 在馆 | |
| 3 | 1335680 | 213356802 | 第三借阅区/ [索取号:Q539/325] | 在馆 | |
| 4 | 1335681 | 213356811 | 第三借阅区/ [索取号:Q539/325] | 在馆 |